000 00289nam a22001337a 4500
008 170413b xxu||||| |||| 00| 0 eng d
020 _a9780534506094
041 _aeng
080 _a612.39
100 _a10
101 _aSHM
245 _aUNDERSTANDING FOOD
_cBROWN. A
942 _2udc
_cBK
999 _c10661
_d10661